| 000 | 00000nam##2200000za#4500 |
| 001 | 9.571239 |
| 003 | CaOODSP |
| 005 | 20210624182628 |
| 007 | cr ||||||||||| |
| 008 | 150406|1998||||xxc|||||o f|0| 0 eng|d |
| 040 | |aCaOODSP|beng |
| 043 | |an-cn--- |
| 086 | 1 |aTU3-5/98-8E-PDF |
| 110 | 2 |aTransportation Safety Board of Canada. |
| 245 | 10|aCollision with object, All West Air Services Ltd., Piper PA-34-200 Seneca 1 C-GRFE, Grande Prairie, Alberta, 14 March 1998 |h[electronic resource] |
| 260 | |aGatineau - Quebec : |bTransportation Safety Board of Canada |c[1999]. |
| 300 | |a7p. |
| 490 | 1 |aAviation investigation report |vA98W0043 |
| 590 | |a12-01-Supp|b2012-01-13 |
| 775 | 08|tCollision avec un objet, All West Air Services Ltd., Piper PA-34-200 Seneca 1 C-GRFE, Grande Prairie (Alberta), 14 mars 1998 |w(CaOODSP)9.601859 |
| 830 | #0|aAviation investigation report ;|vA98W0043|w(CaOODSP)9.504825 |
| 856 | 40|ahttp://publications.gc.ca|qPDF|s81 KB|uhttps://publications.gc.ca/collections/collection_2011/bst-tsb/TU3-5-98-8-eng.pdf|yA98W0043 |